000 01365nam a2200301Ia 4500
001 38003
003 IT-RoPAU
008 130308s9999 xx 000 0 und d
040 _aIT-RoPAU
040 _cIT-RoPAU
041 _aFRANCESE
100 _aEstivals Robert
100 _gCodice Aut. SPICS: 778
245 _aLivre dans le monde 1971-1981 (Le)-Introduction a la bibliologie politique internationale
245 _bLivre Dans le monde 1971-1981 (Le)-Introduction a la bibliologie politique Internationale
250 _a1a ed.
260 _aPARIS
260 _bRetz
260 _c1983 [1° Ed.:1983 - Ed.Ling.Originale:1983]
300 _a"384 p. (prefazione: no ; testo: 384)"
500 _aIndustria dell'editoria Storia del Libro 1971/1981 Bibliologia Politica internazionale Libro in Francia Libro in Usa Libro in Giappone Libro in Svezia Libro in Jugoslavia Libro in Urss Libro in Polonia e Ungheria Libro in Cecoslovacchia Libro in Romania Libro in Bulgaria Libro nell'Africa Nera Libro in Tunisia Libro in Canada Libro in Messico Modelli Monarchici e Liberi Modelli Socialisti Modelli della Decolonizzazione Politica Teoria Generale della Bibliologia Politica Modello dominante e Dominato
650 _aINDUSTRIA DELL'EDITORIA
650 _eCodice materia Spics: 6606
942 _cBK
957 _71
999 _c69782
_d69782
999 _bSI
999 _g1